Catalog

Record Details

Catalog Search



Learning together : what Montessori can offer your family  Cover Image Book Book

Learning together : what Montessori can offer your family / Kathi Hughes

Hughes, Kathi (Author).

Record details

  • ISBN: 978-0-9571704-0-7
  • Physical Description: 96 stran : ilustrace ; 24 cm
  • Publisher: London : Montessori St Nicholas Charity, 2012

Available copies

  • 1 of 1 copy available at Common Catalog SPOK.

Holds

  • 0 current holds with 1 total copy.
Show Only Available Copies
Location Call Number / Copy Notes Barcode Shelving Location Status Due Date
Montessori Library KNI0054 4614600054 Chodba Available -

LDR nam a22 i 4500
00146753
003CZ-PrJAB
00520200716055405.0
007ta
008 s 2012xxk e 000 0 eng
020 . ‡a978-0-9571704-0-7 ‡q(brožováno)
040 . ‡aABG312 ‡bcze ‡erda
1001 . ‡aHughes, Kathi ‡4aut
24510. ‡aLearning together : ‡bwhat Montessori can offer your family / ‡cKathi Hughes
264 1. ‡a London : ‡bMontessori St Nicholas Charity, ‡c2012
300 . ‡a96 stran : ‡bilustrace ; ‡c24 cm
336 . ‡atext ‡btxt ‡2rdacontent
338 . ‡asvazek ‡bnc ‡2rdacarrier
6530 . ‡aMontessori pedagogika ‡arodiny
910 . ‡aABG323
901 . ‡a46753 ‡bCZ-PrJAB ‡c46753 ‡tbiblio

Additional Resources